| 000 | 00507nam a2200145 4500 | ||
|---|---|---|---|
| 082 | _aBSCS-3 HAM | ||
| 100 | _aHamza Masud | Sohaib Ahmad | Aamna Jamil | Ali Naim Butt | ||
| 245 | _aAutomatic 3D mapper for building interiors | ||
| 260 |
_aIslamabad _bNUST-SEECS _c2017 |
||
| 300 |
_a36p. _eCD Includes |
||
| 856 | _uhttp://10.250.8.41:8080/xmlui/handle/123456789/24666 | ||
| 942 |
_2ddc _cPR |
||
| 999 |
_c331537 _d331537 |
||